000 01302nam a2200325 c 4500
003 BLK
005 20180422104353.0
008 180408b bul|||||r ||||||| ||bul||
010 _aKNG00091684000
020 _a954-439-150-9
_bиздат.: Слово
040 _aBLK
041 _aBUL
_cBUL
080 _aАмериканска литература (на САЩ)
_b821.111(73)
_x-31
_z821.111(73)-31
100 1 _aХендерсън, Джо
_eпърви автор
_9302559
700 1 _aДончева, Снежана
_eпрев. от англ.
_9363317
139 _aХендерсън, Джо
_bХ 42
245 1 0 _aМного млада и много хубава
_bРоман
_cДжо Хендерсън; прев. от англ. Снежана Дончева.
257 _aUSA
260 В. Търново
_bСлово
_c1993
_fВ. Търново : Абагар
300 _a141 с.
_c20 см
380 _aX
490 1 _aЛюбовни романи : Made in USA
_v№ 32
500 _aОриг. загл. Love Substitute / Jo Henderson. - Офс. изд. - 50 000 тир.
653 _aромантична проза
852 _aЦб 178623
856 4 _qpdf
_u
856 4 _qpdf
_u
942 _cKNG
_n0
944 _aCR
_c29.09.2009
_lф /
_kЛюдмила_Стоянова
944 _aED
_c21.10.2011
_lф /
_k
999 _c87054
_d87054